La fe del grafiti

Salvato in:
Dettagli Bibliografici
Autori principali: Mailer, Norman (autor), Naar, Jon (Autore)
Natura: Libro
Lingua:spagnolo
Pubblicazione: Madrid 451 Editores 2010
Edizione:1a. ed
Soggetti:
Tags: Aggiungi Tag
Nessun Tag, puoi essere il primo ad aggiungerne!!

MARC

LEADER 00000cam a2200000 a 4500
001 UCC5263
003 CL-VaPUC
008 180927e20100000sp |||||||||||||||||spa|d
020 |a 9788492891030 
082 0 4 |a 751.73  |b MAI  |2 21 
100 |a Mailer, Norman  |e autor  |9 599558 
700 0 |a Naar, Jon  |e author  |9 599559 
245 1 3 |a La fe del grafiti 
250 |a 1a. ed 
300 |a 31 p 
942 |c BK 
945 |d 20180927 22:58:00  |a dcastane 
260 |a Madrid  |b 451 Editores  |c 2010 
650 7 |a GRAFFITIS  |2 CL-VaPUC  |9 485990 
650 0 |a Murales  |9 367491 
650 0 |a Arte callejero   |9 558152 
583 |a last modification  |c 20180927 22:58:00  |k Rodrigo Vera 
999 |c 372518  |d 372516 
952 |0 0  |1 0  |3 erd  |4 0  |6 751_730000000000000_MAI_2010  |7 0  |8 R  |9 490195  |a BIBART  |b BIBART  |i 5504074  |o 751.73 MAI 2010  |p 5504074  |r 2025-03-13  |w 2019-11-24  |y BK_R  |z Catalogado en:20180927  |k ART